<?xml version="1.0" encoding="UTF-8"?>
<record
    xmlns:xsi="http://www.w3.org/2001/XMLSchema-instance"
    xsi:schemaLocation="http://www.loc.gov/MARC21/slim http://www.loc.gov/standards/marcxml/schema/MARC21slim.xsd"
    xmlns="http://www.loc.gov/MARC21/slim">

  <leader>01155nam a2200241Ia 4500</leader>
  <controlfield tag="003">OSt</controlfield>
  <controlfield tag="005">20250411144248.0</controlfield>
  <controlfield tag="008">200826s9999||||xx |||||||||||||| ||und||</controlfield>
  <datafield tag="020" ind1=" " ind2=" ">
    <subfield code="a">9789866355189</subfield>
  </datafield>
  <datafield tag="020" ind1=" " ind2=" ">
    <subfield code="a">9866355187</subfield>
  </datafield>
  <datafield tag="040" ind1=" " ind2=" ">
    <subfield code="c">0</subfield>
  </datafield>
  <datafield tag="041" ind1=" " ind2=" ">
    <subfield code="a">chi</subfield>
  </datafield>
  <datafield tag="050" ind1=" " ind2=" ">
    <subfield code="a">BR1285 </subfield>
    <subfield code="b">.Y364 1977</subfield>
  </datafield>
  <datafield tag="100" ind1=" " ind2=" ">
    <subfield code="a">&#x694A;&#x5176;&#x8000;</subfield>
  </datafield>
  <datafield tag="245" ind1=" " ind2="0">
    <subfield code="a">&#x798F;&#x97F3;&#x8056;&#x6559;&#x8207;&#x83EF;&#x4EBA;</subfield>
    <subfield code="b"> /</subfield>
    <subfield code="c">&#x694A;&#x5176;&#x8000;</subfield>
  </datafield>
  <datafield tag="246" ind1=" " ind2=" ">
    <subfield code="a">&#x798F;&#x97F3;&#x5723;&#x6559;&#x4E0E;&#x534E;&#x4EBA;</subfield>
    <subfield code="b">/</subfield>
  </datafield>
  <datafield tag="260" ind1=" " ind2=" ">
    <subfield code="a">&#x53F0;&#x5317;&#x5E02; :</subfield>
    <subfield code="b">&#x4E2D;&#x83EF;&#x798F;&#x97F3;&#x5B78;&#x9662;&#x51FA;&#x7248;,</subfield>
    <subfield code="c">1977</subfield>
  </datafield>
  <datafield tag="300" ind1=" " ind2=" ">
    <subfield code="a">160 p.</subfield>
    <subfield code="b"> ; </subfield>
    <subfield code="c">22 cm.</subfield>
  </datafield>
  <datafield tag="505" ind1=" " ind2=" ">
    <subfield code="a">&#x7B2C;&#x4E00;&#x7AE0;&#x3000;&#x7DD2;&#x8AD6; &#x57FA;&#x7763;&#x6559;&#x662F;&#x4E16;&#x754C;&#x5341;&#x5927;&#x5B97;&#x6559;&#x4E2D;&#x6700;&#x5927;&#x4E4B;&#x4E00;&#xFF0C;&#x81EA;&#x6551;&#x4E3B;&#x6368;&#x547D;&#x5B8C;&#x6210;&#x6069;&#x529F;&#xFF0C;&#x5FA9;&#x6D3B;&#x5347;&#x5929;&#x81F3;&#x4ECA;&#x5DF2;&#x6709;&#x4E86;&#x4E8C;&#x5343;&#x5E74;&#x7684;&#x6B77;&#x53F2;&#x3002;&#x8A18;&#x5F97;&#x7576;&#x6642;&#x4E3B;&#x8036;&#x7A4C;&#x66FE;&#x7D93;&#x5429;&#x5490;&#x9580;&#x5F92;&#x8AAA;&#xFF1A;&#x300C;&#x4F60;&#x5011;&#x8981;&#x5F80;&#x666E;&#x5929;&#x4E0B;&#x53BB;&#xFF0C;&#x50B3;&#x798F;&#x97F3;&#x7D66;&#x842C;&#x6C11;&#x807D;&#xFF0C;&#x4FE1;&#x800C;&#x53D7;&#x6D17;&#x8005;&#x5FC5;&#x7136;&#x5F97;&#x6551;&#xFF0C;&#x4E0D;&#x4FE1;&#x7684;&#x5FC5;&#x88AB;&#x5B9A;&#x7F6A;&#x3002;&#x300D;&#x95DC;&#x5FC3;&#x57FA;&#x7763;&#x6700;&#x5927;&#x4F7F;&#x547D;&#x7684;&#x8056;&#x5F92;&#x4FE1;&#x773E;&#x5011;&#x5FC5;&#x9808;&#x8AA0;&#x58BE;&#x7701;&#x5BDF;&#xFF1A;&#x5230;&#x5E95;&#x798F;&#x97F3;&#x6709;&#x6C92;&#x6709;&#x50B3;&#x7D66;&#x842C;&#x6C11;&#xFF1F;&#x666E;&#x5929;&#x4E0B;&#x5404;&#x570B;&#x5404;&#x65CF;&#x5404;&#x65B9;&#x5404;&#x6C11;&#x6709;&#x6C92;&#x6709;&#x6A5F;&#x6703;&#x4F5C;&#x4FE1;&#x8207;&#x4E0D;&#x4FE1;&#x7684;&#x6289;&#x64C7;&#xFF1F;&#x6211;&#x5011;&#x5C0D;&#x672B;&#x4E16;&#x5BA3;&#x9053;&#x5DE5;&#x4F5C;&#x76E1;&#x4E86;&#x591A;&#x5C11;&#x8CAC;&#x4EFB;&#xFF1F;&#x6368;&#x8CA0;&#x4EC0;&#x9EBC;&#x89D2;&#x8272;&#xFF1F;</subfield>
  </datafield>
  <datafield tag="650" ind1=" " ind2=" ">
    <subfield code="a">Christianity China.</subfield>
  </datafield>
  <datafield tag="650" ind1=" " ind2=" ">
    <subfield code="a">Christianity.</subfield>
  </datafield>
  <datafield tag="942" ind1=" " ind2=" ">
    <subfield code="2">ddc</subfield>
    <subfield code="c">CB</subfield>
  </datafield>
  <datafield tag="952" ind1=" " ind2=" ">
    <subfield code="0">0</subfield>
    <subfield code="1">0</subfield>
    <subfield code="4">0</subfield>
    <subfield code="7">0</subfield>
    <subfield code="a">GETS</subfield>
    <subfield code="b">GETS</subfield>
    <subfield code="c">GEN</subfield>
    <subfield code="d">2020-08-15</subfield>
    <subfield code="l">0</subfield>
    <subfield code="o">BR1285 .Y364 1977</subfield>
    <subfield code="p">00002432</subfield>
    <subfield code="r">2020-08-15 00:00:00</subfield>
    <subfield code="w">2020-08-15</subfield>
    <subfield code="y">CB</subfield>
  </datafield>
  <datafield tag="952" ind1=" " ind2=" ">
    <subfield code="0">0</subfield>
    <subfield code="1">0</subfield>
    <subfield code="4">0</subfield>
    <subfield code="7">0</subfield>
    <subfield code="a">GETS</subfield>
    <subfield code="b">GETS</subfield>
    <subfield code="c">GEN</subfield>
    <subfield code="d">2020-08-26</subfield>
    <subfield code="l">0</subfield>
    <subfield code="o">BR1285 .Y364 1977</subfield>
    <subfield code="p">00008018</subfield>
    <subfield code="r">2020-08-26 00:00:00</subfield>
    <subfield code="t">c. 2</subfield>
    <subfield code="w">2020-08-26</subfield>
    <subfield code="y">CB</subfield>
  </datafield>
  <datafield tag="999" ind1=" " ind2=" ">
    <subfield code="c">11577</subfield>
    <subfield code="d">11577</subfield>
  </datafield>
</record>
